Statistics for Three Most Guessed Countries by Category #2

Click here to take the quiz!

General Stats

  • This quiz has been taken 117 times
  • The average score is 19 of 23

Answer Stats

Category%Country% Correct
Coastline, Billionaires, PCI99United States
100%
Longest Coastline, Northern99Canada
100%
Coastline, Northern, Diamond99Russia
99%
Billionaires, Spice, Migration98China
97%
Pop. Density, Spice, Migration83India
95%
Northernmost, PCI, Pollution98Norway
94%
Olive Oil Producers98Italy
90%
Highest Pop. Density80Japan
89%
Highest PCI, Air Pollution89Sweden
85%
Highest Avg. Elevation97Nepal
84%
Olive Oil Producers97Spain
84%
Most Billionaires97United Kingdom
84%
Closest to Equator84Indonesia
82%
Least Air Pollution90Finland
81%
Olive Oil Producers93Greece
80%
Closest to Equator88Ecuador
75%
Closest to Equator, Diamond87DR Congo
70%
Diamond Producers92South Africa
69%
Highest Avg. Elevation87Switzerland
69%
Lowest Net Migration92Mexico
67%
Highest Pop. Density81Monaco
64%
Top Spice Producers89Pakistan
62%
Highest Avg. Elevation86Chile
59%

Score Distribution

Percentile by Number Answered

Percent of People with Each Score

Your Score History

You have not taken this quiz